000 00670nam a2200181Ia 4500
008 090630s9999 xx 000 0 und d
082 _b17945
100 _aखाडीलकर उषा.
245 _aस्त्री मुक्ती एक कुतुहल.
_cखाडीलकर उषा.
260 _bवसंत बुक.
_c1999
300 _a120
600 _aखाडीलकर उषा.
630 _aस्त्री मुक्ती एक कुतुहल.
655 _aइतर.
700 _aखाडीलकर उषा.
730 _aस्त्री मुक्ती एक कुतुहल.
942 _cBOOK
999 _c269801
_d269801